2D object detection and recognition - (E-BOOK) (Record no. 191594)

000 -LEADER
fixed length control field 01021 a2200193 4500
003 - CONTROL NUMBER IDENTIFIER
control field Nust
005 - DATE AND TIME OF LATEST TRANSACTION
control field 20170207154019.0
010 ## - LIBRARY OF CONGRESS CONTROL NUMBER
LC control number 2002016508
020 ## - INTERNATIONAL STANDARD BOOK NUMBER
International Standard Book Number 0262011948 (alk. paper)
040 ## - CATALOGING SOURCE
Transcribing agency Nust
082 00 - DEWEY DECIMAL CLASSIFICATION NUMBER
Classification number 006.37
100 1# - MAIN ENTRY--PERSONAL NAME
Personal name Amit, Yali.
245 10 - TITLE STATEMENT
Title 2D object detection and recognition - (E-BOOK)
Statement of responsibility, etc. Yali Amit.
260 ## - PUBLICATION, DISTRIBUTION, ETC.
Place of publication, distribution, etc. Cambridge, Mass. :
Name of publisher, distributor, etc. MIT Press,
Date of publication, distribution, etc. c2002.
300 ## - PHYSICAL DESCRIPTION
Extent xiv, 306 p. :
Other physical details ill. ;
Dimensions 24 cm.
505 ## - FORMATTED CONTENTS NOTE
Formatted contents note Introduction (page-1), Detection and Recognition: Overview of Models (page-13),1D Models: Deformable Contours (page-31), 1D Models: Deformable Curves(page-57), 2D Models: Deformable Images Sparse Models: Formulation, Training, and Statistical Properties (page-109), Detection of Sparse Models: Dynamic Programming (page-139), Detection of Sparse Models: Counting (page-151), Object Recognition (page-181), Scene Analysis: Merging Detection and Recognition (page-215), Neural Network Implementations (page-233), Software (page-259).
650 #0 - SUBJECT ADDED ENTRY--TOPICAL TERM
Topical term or geographic name entry element Computer vision.
651 ## - SUBJECT ADDED ENTRY--GEOGRAPHIC NAME
Geographic name E-BOOK
942 ## - ADDED ENTRY ELEMENTS (KOHA)
Source of classification or shelving scheme
Koha item type Book
Holdings
Withdrawn status Lost status Source of classification or shelving scheme Damaged status Not for loan Collection code Permanent Location Current Location Date acquired Total Checkouts Full call number Barcode Date last seen Price effective from Koha item type
            Military College of Signals (MCS) Military College of Signals (MCS) 12/12/2016   006.37 AMI MCSEB-859 12/08/2016 12/12/2016 Book
© 2023 Central Library, National University of Sciences and Technology. All Rights Reserved.